000 00390cam a2200169 4500
001 D12387
008 090401t1909 xxu||||| |||| 00| 0 eng d
035 _a(Sirsi) u3115
041 _aeng
110 _aChartered Surveyor
_9341
245 _aAuctioneering as a profession
260 _bEstates Gazette
_c1909
350 _a0
520 _aShelf 114
942 _n0
948 _c04/03/1997
999 _c85848
_d85848